| 000 | 00839nam a2200217 i 4500 | ||
|---|---|---|---|
| 001 | 99815 | ||
| 003 | ES-MaACL | ||
| 005 | 20251003063116.0 | ||
| 007 | t| | ||
| 008 | 050919s1972 sp ||||1| spa d | ||
| 080 | _a665.327.3 | ||
| 100 | 1 |
_aMartínez Moreno, Juan Manuel, _d1919-1998 _9150592 |
|
| 245 | 1 | 0 |
_aFundamentos físico-químicos de la técnica oleícola... / _cJuan M. Martínez Moreno. |
| 260 |
_aMadrid : _bPatronato Juan de la Cierva, _c1972. |
||
| 300 |
_aXXVII, 575 p. : _bil. ; _c24 cm. |
||
| 490 | 1 |
_aConsejo Superior de Investigaciones Científicas. Manuales de ciencia actual ; _v5 |
|
| 650 |
_aAceite de oliva- _xElaboración. _9171210 |
||
| 830 | 1 |
_aConsejo Superior de Investigaciones Científicas. Manuales de ciencia actual ; _v5 _9232414 |
|
| 852 |
_aES-MaACL _jC-55173 |
||
| 999 |
_c99815 _d99815 |
||